000 00494nam a22001692 4500
001 0000024654
005 20151217161644.0
008 140123s xx 000 0 eng d
040 _aKABU
_cKABU
100 1 _aMuyala, Michael I. W.
_@0000185036
245 1 2 _aA Quest for reforms of the electoral disputes resolution system in Kenya /
_cMichael I. W. Muyala.
260 _c2013.
300 _a p. ;
_c cm.
908 _a140123
950 _@1
999 _c15496
_d15496